Ο "δρόμος" του Ανδρέα Εμπειρίκου

Αποθηκεύτηκε σε:
Λεπτομέρειες βιβλιογραφικής εγγραφής
Κύριος συγγραφέας: Χατζημιχάλης, Γιώργος, 1954-
Μορφή: Βιβλίο
Γλώσσα:Greek
Δημοσίευση: Αθήνα : Άγρα, c2007.
Θέματα:
Ετικέτες: Προσθήκη ετικέτας
Δεν υπάρχουν, Καταχωρήστε ετικέτα πρώτοι!

MARC

LEADER 00000cam a2200000 i 4500
001 1/99621
008 081217s2007 gr | ||| |||| ||gre||
020 |a 9789603256908 
035 |l 10102536 
040 |a GR-MyUa  |b gre  |e AACR2 
041 0 |a gre 
082 7 |a 700.92   |2 (22) 
100 1 |a Χατζημιχάλης, Γιώργος,   |d 1954- 
245 1 3 |a Ο "δρόμος" του Ανδρέα Εμπειρίκου /   |c Γιώργος Χατζημιχάλης. 
260 |a Αθήνα :   |b Άγρα,   |c c2007. 
300 |a 143 σ. :   |b έγχρ. εικ. ;   |c 13 εκ. 
600 1 0 |a Εμπειρίκος, Ανδρέας,   |d 1901-1975. 
650 0 |a Artists  |z Greece  |y 20th century. 
852 |a INST  |b SYROS  |e 20081217  |h 700.92 ΧΑΤ  |p 005500008825  |q 005500008825  |t BK  |y 0 
901 |a BIBL5-2008-3 
922 |a 5ΕΛΗ  |b 200802  |c ΕΠΕΑΕΚ2/ΤΜΣΠΣ  |d Σ. Πατάκης 
970 |a Κοντού  |b Παρασκευή  |z 17/12/2008